Central Library OPAC University of Rajshahi

Medieval people / (Record no. 26857)

MARC details
000 -LEADER
fixed length control field 00692cam a22002411 4500
001 - CONTROL NUMBER
control field 26857
003 - CONTROL NUMBER IDENTIFIER
rucl marc code BD-RjUL
005 - DATE AND TIME OF LATEST TRANSACTION
control field 20211209051057.0
008 - FIXED-LENGTH DATA ELEMENTS--GENERAL INFORMATION
fixed length control field 140323s19661963enkab b 001 0 eng
035 ## - SYSTEM CONTROL NUMBER
System control number (BD-RjUL)
040 ## - CATALOGING SOURCE
Original cataloging agency DLC
Transcribing agency DLC
Modifying agency DLC
Language of cataloging eng
041 ## - LANGUAGE CODE
Language code of text/sound track or separate title eng
082 00 - DEWEY DECIMAL CLASSIFICATION NUMBER
Classification number 901.92
Author mark and year POM 1966
100 1# - MAIN ENTRY--PERSONAL NAME
Personal name Power, Eileen,
Dates associated with a name 1889-1940.
9 (RLIN) 6155
245 10 - TITLE STATEMENT
Title Medieval people /
Statement of responsibility, etc. Eileen Power,
250 ## - EDITION STATEMENT
Edition statement [10th ed.]
260 ## - PUBLICATION, DISTRIBUTION, ETC. (IMPRINT)
Place of publication, distribution, etc. London :
Name of publisher, distributor, etc. Methuen;
Place of publication, distribution, etc. New York :
Name of publisher, distributor, etc. Barnes & Noble,
Date of publication, distribution, etc. C1963 reprinting 1966
300 ## - PHYSICAL DESCRIPTION
Pagination xii, 210 p. :
Illustrations illus., fold. map. ;
Size 22 cm.
504 ## - BIBLIOGRAPHY, ETC. NOTE
Bibliography, etc includes index
650 #0 - SUBJECT ADDED ENTRY--TOPICAL TERM
Topical term or geographic name as entry element Civilization, Medieval.
9 (RLIN) 82543
942 ## - ADDED ENTRY ELEMENTS (KOHA)
Source of classification or shelving scheme Dewey Decimal Classification
Koha item type Books
Holdings
Lost status Source of classification or shelving scheme Damaged status Not for loan Collection code Permanent Location Current Location Shelving location Date acquired Source of acquisition Cost, normal purchase price Total Checkouts Full call number Date last seen Copy number Koha item type
  Dewey Decimal Classification     Non-fiction Central Library, University of Rajshahi Central Library, University of Rajshahi Reading Room 14/08/1972 Paramount Book corp. 11.55   901.92 POM 1966 23/03/2014 C-1 Books